11 Amalan memiliki kekayaan

Bibliographic Details
Main Author: Ebit Liew (Author)
Format: Book
Language:Malay
Published: Bandar Baru Bangi : Transform Publication 2018
Subjects:

MARC

LEADER 00000cam a2200000 7i4500
001 0000028648
005 20241125.0
008 200106 my may
020 |a 9789671155547 
040 |a INS   |b eng   |e rda 
090 0 0 |a B105.H32   |b E25 2018 
100 0 |a Ebit Liew ,   |e author 
245 1 0 |a 11 Amalan memiliki kekayaan   |c Ebit Liew 
246 3 3 |a Sebelas amalan memiliki kekayaan 
264 1 |a Bandar Baru Bangi :   |b Transform Publication   |c 2018 
300 |a 300 pages ;   |c 19 cm. 
336 |a text  |2 rdacontent 
337 |a unmediated  |2 rdamedia 
338 |a volume  |2 rdacarrier 
650 0 |a Habit (Philosophy) 
650 0 |a Success 
650 0 |a Wealth 
999 |a 1000003872   |b BOOK   |c Open Shelf   |e Default branch